| 000 -CABECERA |
| fixed length control field |
01014nam a22002057a 4500 |
| 003 - IDENTIFICADOR DEL NÚMERO DE CONTROL |
| control field |
AR-CdUCM |
| 008 - DATOS DE LONGITUD FIJA--INFORMACIÓN GENERAL |
| fixed length control field |
190408b ||||| |||| 00| 0 spa d |
| 040 ## - FUENTE DE LA CATALOGACIÓN |
| Agencia/entidad que catalogó originalmente la obra |
MUNICIPALIDAD PROVINCIAL DEL CUSCO |
| Entidad que transcribió la catalogación |
BIBLIOTECA MUNICIPAL DEL CUSCO |
| 082 ## - NÚMERO DE LA CLASIFICACIÓN DECIMAL DEWEY |
| No. de Clasificación |
234.166 / |
| Notacion interna |
M22 / 1858 |
| 100 ## - ENTRADA PRINCIPAL--NOMBRE DE PERSONA |
| Nombre Personal |
Jaén, Manuel de |
| 245 ## - MENCIÓN DE TÍTULO |
| Título |
Instrucción utilísima y fácil para confesar, particular y generalmente para prepararse y recibir la sagrada comunión / |
| 260 ## - PUBLICACIÓN, DISTRIBUCIÓN, ETC. |
| Lugar de publicación, distribución, etc. |
París : |
| Nombre de la editorial, distribuidor, etc. |
Libr. de Rosa, |
| Fecha de publicación, distribución, etc. |
1858. |
| 300 ## - DESCRIPCIÓN FÍSICA |
| Nº de Páginas Extensión |
428 páginas ; |
| Dimensiones |
15.5 cm. |
| 505 ## - NOTA DE CONTENIDO CON FORMATO |
| Nota de contenido formateada |
Contenidos: t.1 y t.2. Explicase la primera parte, que es confesión de boca y se ponen muchos ejemplares en que se falta -- De otro modos de ocultar das culpas -- De lo mucho que alienta para desahogarse el secreto de la confesión -- De otros males inútiles y superfluos de acusarse advertencias ... |
| 650 ## - PUNTO DE ACCESO ADICIONAL DE MATERIA--TÉRMINO DE MATERIA |
| Descriptor |
Confesión |
| 9 (RLIN) |
4112 |
| 650 ## - PUNTO DE ACCESO ADICIONAL DE MATERIA--TÉRMINO DE MATERIA |
| Descriptor |
Comunión |
| 9 (RLIN) |
29903 |
| 650 ## - PUNTO DE ACCESO ADICIONAL DE MATERIA--TÉRMINO DE MATERIA |
| Descriptor |
Devocionarios y devociones |
| 9 (RLIN) |
29904 |
| 942 ## - ELEMENTOS DE PUNTO DE ACCESO ADICIONAL (KOHA) |
| Fuente de clasificación |
|
| Tipo de item |
Libros-BMC |
| 945 ## - PROCESAMIENTO DE INFORMACIÓN LOCAL (OCLC) |
| Catalogador |
acv |
| AAAA-MM-DD - Fecha de ingreso o modificacion |
08/04/2019 |